Statistics for Flags of the World in Alphabetical Order

Click here to take the quiz!

General Stats

  • This quiz has been taken 1,482 times
    (1,477 since last reset)
  • The average score is 121 of 196

Answer Stats

Answer% Correct
Albania
93%
Argentina
90%
Algeria
89%
Australia
89%
Afghanistan
88%
Andorra
86%
Austria
85%
Belgium
84%
Brazil
84%
Angola
83%
Bangladesh
82%
Canada
82%
China
80%
Armenia
79%
Azerbaijan
77%
Bahrain
77%
Barbados
77%
Bhutan
77%
Belarus
76%
Chile
76%
Cyprus
75%
Denmark
75%
Antigua and Barbuda
74%
Bahamas
74%
Croatia
74%
France
74%
India
74%
Japan
74%
Bosnia and Herzegovina
73%
Cambodia
73%
Germany
73%
Greece
73%
Colombia
72%
Finland
72%
Bulgaria
71%
Cuba
71%
Egypt
71%
Ireland
71%
Israel
71%
Italy
71%
Jamaica
71%
Cameroon
70%
Czechia (Czech Republic)
70%
Chad
69%
Georgia
69%
Indonesia
69%
Iraq
69%
Mexico
69%
Belize
68%
Botswana
68%
Estonia
68%
Iceland
68%
Iran
68%
Lebanon
68%
Brunei
67%
New Zealand
67%
Benin
66%
Bolivia
66%
Costa Rica
66%
Dominican Republic
66%
Ecuador
66%
Fiji
66%
Kenya
66%
Nepal
66%
North Korea
66%
Portugal
66%
Kazakhstan
65%
Netherlands
65%
Norway
65%
Pakistan
65%
Poland
65%
South Korea
65%
Dominica
64%
Hungary
64%
Morocco
64%
Nigeria
64%
Qatar
64%
Russia
64%
Spain
64%
Central African Republic
63%
Democratic Republic of the Congo
63%
Ethiopia
63%
Ghana
63%
Ivory Coast (Côte d'Ivoire)
63%
Latvia
63%
Malaysia
63%
North Macedonia
63%
Saudi Arabia
63%
South Africa
63%
Sweden
63%
Switzerland
63%
United Kingdom
63%
United States of America
63%
Djibouti
62%
Honduras
62%
Jordan
62%
Kosovo
62%
Laos
62%
Luxembourg
61%
Malta
61%
Monaco
61%
Romania
61%
Turkey
61%
Burkina Faso
60%
Burundi
60%
Haiti
60%
Niger
60%
Panama
60%
Philippines
60%
Ukraine
60%
Cape Verde
59%
El Salvador
59%
Eswatini
59%
Guatemala
59%
Kuwait
58%
Liberia
58%
Serbia
58%
Slovakia
58%
Uruguay
58%
Vietnam
58%
Liechtenstein
57%
Peru
57%
Singapore
57%
Slovenia
57%
Comoros
56%
Kyrgyzstan
56%
Libya
56%
Lithuania
56%
Moldova
56%
Mongolia
56%
Sri Lanka
56%
Montenegro
55%
Oman
55%
Papua New Guinea
55%
Somalia
55%
Thailand
55%
Vatican City
55%
Venezuela
55%
Zimbabwe
55%
Eritrea
54%
Gabon
54%
Gambia
54%
Guinea
54%
Kiribati
54%
Lesotho
54%
Madagascar
54%
Maldives
54%
Palau
54%
Senegal
54%
Uganda
54%
Zambia
54%
Grenada
53%
Guyana
53%
Nicaragua
53%
San Marino
53%
Seychelles
53%
Syria
53%
Tunisia
53%
United Arab Emirates
53%
Yemen
53%
East Timor (Timor Leste)
52%
Equatorial Guinea
52%
Malawi
52%
Mali
52%
Mozambique
52%
Saint Lucia
52%
Uzbekistan
52%
Guinea-Bissau
51%
Paraguay
51%
South Sudan
51%
Taiwan
51%
Federated States of Micronesia
50%
Marshall Islands
50%
Myanmar
50%
Turkmenistan
50%
Mauritania
49%
Rwanda
49%
Sudan
49%
Mauritius
48%
Nauru
48%
Namibia
46%
Saint Vincent and the Grenadines
46%
Samoa
46%
Tajikistan
46%
Trinidad and Tobago
46%
Tuvalu
46%
Saint Kitts and Nevis
45%
Togo
45%
Tonga
45%
Tanzania
44%
Suriname
43%
Sierra Leone
42%
Vanuatu
42%
Solomon Islands
41%
Sao Tome Et Principe
40%
Republic of the Congo
39%

Score Distribution

Percentile by Number Answered

Percent of People with Each Score

Your Score History

You have not taken this quiz since the last reset